Iñigo : una biografía de San Ignacio de Loyola /

Sparad:
Bibliografiska uppgifter
Huvudupphov: López de Lara, Pablo (autor)
Materialtyp: Bok
Språk:spanska
Utgiven: México : Buena Prensa, 1988-1993, c1986
Upplaga:3a edición
Ämnen:
Taggar: Lägg till en tagg
Inga taggar, Lägg till första taggen!

MARC

LEADER 00000nam^a2200000^a^4500
001 000186956
005 20250521000000.0
009 20260310102244.002
020 |a 968-6056-03-3 
037 |a Acervo ITESO - Biblioteca 
041 |a ESP 
082 |a 255. 53  |b IGN EST LOP 
100 |a López de Lara, Pablo  |e (autor) 
240 1 1 |a [Iñigo: una biografía de San Ignacio de Loyola] 
245 1 0 |a Iñigo :  |b una biografía de San Ignacio de Loyola /  |c P. López de Lara. 
250 |a 3a edición 
264 4 |a México :  |b Buena Prensa,  |c 1988-1993, c1986 
300 |a 191 p. 
336 |a texto  |b txt  |2 rdacontenido 
337 |a sin mediación  |b n  |2 rdamedio 
338 |a volumen  |b nc  |2 rdasoporte 
649 |a XX 
650 |a Jesuitas Españoles -  |x Biografías 
650 |a Santos Españoles -  |x Biografías 
650 |a Jesuitas -  |x Historia -  |y Siglo XVI 
650 |a Monasticismo y Ordenes Religiosas -  |x Historia -  |y Siglo XVI 
650 |a Iglesia Católica -  |x Historia -  |y Siglo XVI 
650 |a Catolicismo -  |x Historia -  |y Siglo XVI 
650 |a Cristianismo -  |x Historia -  |y Siglo XVI 
650 |a Religión -  |x Historia -  |y Siglo XVI 
650 |a Ignacio de Loyola,  |c Santo -  |x Tema Principal 
910 |a Fondo General 
920 |a Impresos - Libros 
930 |a Colección General 
940 |a Jesuitas 
905 |a 101 
901 |a 0500129025  |b IT1  |c ACC  |u 20250521 
901 |a 0500129022  |b IT1  |c ACC  |u 20250521 
901 |a 0500129019  |b IT1  |c ACC  |u 20250521 
902 |a https://opac.biblio.iteso.mx/vufind/Record/000186956